00894nam a2200229 i 4500001001000000003000900010005001700019007000300036008004100039040003000080041000700110082001700117110004300134245007500177264005900252300002900311336002700340337003300367338002800400490002500428500021100453000035217DO-SdBNP20250805094016.0ta250805s2009 sp 000 0 spa d aDO-SdBNPbspacBNPHUerda asp axxxbI242221 aIglesia CatolicabPapa (Benedicto XVI)13aCarta encíclica caritas in veritate del sumo pontifice Benedicto XVI aSantiago de los Caballeros :bLibreria Paulinas,c2009 a132 páginas. ;c22 cm. ardacontentbtexto2txt ardamediabsin mediación2n ardacarrierbvolumen2nc aDocumento pontificia aA los obispos, a los prebísteros y diáconos a las personas consagradas a todos los fieles laicos y a todos los hombres de buena voluntad sobre el desarrollo humano integral en la caridad y en la verdad.